Statistics for NBA 1990s Conference Finals Starters

Click here to take the quiz!

General Stats

  • This quiz has been taken 741 times
  • The average score is 59 of 102

Answer Stats

Player% Correct
Michael Jordan
97%
Patrick Ewing
97%
Scottie Pippen
97%
Dennis Rodman
96%
Reggie Miller
96%
Shaquille O'Neal
96%
John Stockton
94%
Clyde Drexler
93%
Jeff Malone
93%
Karl Malone
93%
Magic Johnson
93%
Hakeem Olajuwon
92%
Isiah Thomas
92%
Tim Duncan
92%
Avery Johnson
91%
David Robinson
91%
Ervin Johnson
91%
Kevin Johnson
91%
Larry Johnson
91%
Penny Hardaway
91%
Gary Payton
90%
Tim Hardaway
90%
Charles Barkley
88%
Brian Grant
87%
Horace Grant
87%
Joe Dumars
86%
Shawn Kemp
86%
Alonzo Mourning
85%
Bill Laimbeer
84%
Ron Harper
81%
Charles Smith
79%
Kenny Smith
79%
Luc Longley
78%
James Worthy
77%
Toni Kukoč
76%
Mark Jackson
75%
Bill Cartwright
73%
Mark Price
73%
John Paxson
71%
John Starks
70%
B.J. Armstrong
69%
Jeff Hornacek
66%
Rik Smits
64%
Robert Horry
64%
Charles Oakley
63%
Latrell Sprewell
61%
Eddie Jones
60%
Byron Scott
59%
Dennis Scott
59%
Nick Anderson
59%
Brad Daugherty
58%
Detlef Schrempf
58%
Allan Houston
57%
Buck Williams
56%
Derek Fisher
56%
Terry Porter
56%
Mark Eaton
54%
Vlade Divac
54%
Rasheed Wallace
53%
Arvydas Sabonis
52%
Rick Fox
51%
Sean Elliott
51%
Bryon Russell
50%
Dale Davis
49%
Larry Nance
49%
Greg Ostertag
48%
Damon Stoudamire
47%
Dan Majerle
47%
Otis Thorpe
47%
Mario Elie
46%
Tom Chambers
44%
Vernon Maxwell
44%
Craig Ehlo
41%
James Edwards
39%
Kevin Duckworth
39%
P.J. Brown
39%
Chris Mullin
38%
Jerome Kersey
38%
Mark West
34%
Charlie Ward
33%
Sam Perkins
31%
Hersey Hawkins
29%
Jamal Mashburn
23%
Vinny Del Negro
23%
Doc Rivers
21%
Greg Foster
21%
Derrick McKey
19%
Kurt Rambis
19%
Richard Dumas
19%
Ricky Pierce
17%
Chris Dudley
16%
Voshon Lenard
15%
Isaiah Rider
14%
Matt Maloney
14%
Felton Spencer
12%
Chris Morris
10%
David Benoit
10%
Haywoode Workman
9%
Mike Sanders
8%
Pete Chilcutt
8%
Jon Koncak
7%

Score Distribution

Percentile by Number Answered

Percent of People with Each Score

Your Score History

You have not taken this quiz